Asymmetries between Language Production and Comprehension /

محفوظ في:
التفاصيل البيبلوغرافية
المؤلف الرئيسي: Hendriks, Petra (autor)
التنسيق: كتاب
اللغة:الإنجليزية
منشور في: Dordrecht, Holanda : Springer, 2014, c2014
سلاسل:(Studies in Theoretical Psycholinguistics ; 42)
الموضوعات:
الوصول للمادة أونلاين:Ver documento en línea
الوسوم: إضافة وسم
لا توجد وسوم, كن أول من يضع وسما على هذه التسجيلة!

MARC

LEADER 00000nam^a2200000^a^4500
001 000420363
005 20251023000000.0
009 20260310122508.915
020 |a 978-94-007-6901-4 
037 |a Acervo ITESO - Biblioteca 
041 |a ING 
082 |a 153. 42  |b HEN 
100 |a Hendriks, Petra  |e (autor) 
245 1 0 |a Asymmetries between Language Production and Comprehension /  |c P. Hendriks. 
264 4 |a Dordrecht, Holanda :  |b Springer,  |c 2014, c2014 
264 2 |a Cham, Suiza :  |b Springer Link [distribución],  |c 2014, c2014 
300 |a 1 libro electrónico en línea (XI, 234 p.) 
300 |a 1 recurso en línea 
336 |a datos para computadora  |b cod  |2 rdacontenido 
337 |a computadora  |b c  |2 rdamedio 
338 |a recurso en línea  |b cr  |2 rdasoporte 
440 1 |a (Studies in Theoretical Psycholinguistics ;  |v 42) 
506 0 |a Licencias ilimitadas 
649 |a XX 
650 |a Niños -  |x Condiciones Psicológicas 
650 |a Trastornos del Lenguaje 
650 |a Lenguaje (Adquisición) -  |x Tema Principal 
650 |a Comprensión -  |x Tema Principal 
650 |a Neurolingüística 
650 |a Psicolingüística 
650 |a Psicología 
650 |a Comunicación Verbal 
856 4 0 |u https://link-springer-com.ezproxy.iteso.mx/10.1007/978-94-007-6901-4  |y Ver documento en línea 
910 |a Fondo General 
920 |a Electrónicos - Libros en Línea 
930 |a Plataforma Digital 
905 |a 205 
901 |a 420363-1  |b IT2  |c EBO  |i C172346  |u 20250521 
902 |a https://opac.biblio.iteso.mx/vufind/Record/000420363